01464nam a2200289Ia 4500003000400000005001700004008004100021020002900062040001700091082002200108100001800130245004800148250001100196260002500207300002500232500004800257650001300305650001800318942000900336952013600345952013600481952013600617952013600753952013600889952013601025999001301161IIN20240125114618.0231217s9999 xx 000 0 und d cRs.760.00a9789388902748 aIINbEnglish a611 bCHA1 aChaurasia, BD1 aBD Chaurasia's Human Anatomy cBD Chaurasia a8th ed bCBSaNew Delhic2021 axxviii, 523 p. / V.2 a V.2: Lower Limb Abdomen and Pelvis1 aAnatomy 1 aHuman Anatomy cBOOK 00102ddc40708Purches BookaIINbIINd2023-12-17g760.00l0o611 CHAp118r2023-12-17 21:32:12tVol. 2w2023-12-17yBOOK 00102ddc40708Purches BookaIINbIINd2023-12-17g760.00l0o611 CHAp119r2023-12-17 21:32:12tVol. 2w2023-12-17yBOOK 00102ddc40708Purches BookaIINbIINd2023-12-17g760.00l0o611 CHAp120r2023-12-17 21:32:12tVol. 2w2023-12-17yBOOK 00102ddc40708Purches BookaIINbIINd2023-12-17g760.00l0o611 CHAp121r2023-12-17 21:32:12tVol. 2w2023-12-17yBOOK 00102ddc40708Purches BookaIINbIINd2023-12-17g760.00l0o611 CHAp122r2023-12-17 21:32:12tVol. 2w2023-12-17yBOOK 00102ddc40708Purches BookaIINbIINd2023-12-17g760.00l0o611 CHAp123r2023-12-17 21:32:12tVol. 2w2023-12-17yBOOK c123d123